[Event "63rd DEN-ch"]
[Site "Aalborg DEN"]
[Date "1984.??.??"]
[Round "1"]
[White "Brinck-Claussen, Bjoern"]
[Black "Hansen, Curt"]
[WhiteElo "2370"]
[BlackElo "2485"]
[Result "0-1"]
[EventDate "1984.01.01"]
[PlyCount "60"]
[EventCategory "5"]
[Source "ChessBase"]
[SourceDate "1999.11.16"]

1. d4 Nf6 2. c4 e6 3. Nc3 Bb4 4. Qc2 c5 5. dxc5 O-O 6. Nf3 Na6 7. Bg5 Nxc5 8.
Nd2 h6 9. Bh4 Bxc3 10. Qxc3 g5 11. Bg3 Nfe4 12. Nxe4 Nxe4 13. Qa3 Qf6 14. e3 d5
15. cxd5 exd5 16. Bd3 Bf5 17. Bxe4 dxe4 18. Bd6 Rfc8 19. Bb4 a5 20. Bc3 Qa6 21.
Rd1 Bg4 22. Rd2 b5 23. b4 Qc6 24. h3 Bh5 25. O-O axb4 26. Qxb4 Ra4 27. Rd6 Qxc3
28. Qxb5 Qc4 29. Qe5 Qxf1+ 30. Kh2 Ra6 0-1

[Event "63rd DEN-ch"]
[Site "Aalborg DEN"]
[Date "1984.??.??"]
[Round "1"]
[White "Fries-Nielsen, Niels Joergen"]
[Black "Fries-Nielsen, Jens Ove"]
[WhiteElo "2345"]
[BlackElo "2420"]
[Result "1/2-1/2"]
[EventDate "1984.01.01"]
[PlyCount "20"]
[EventCategory "5"]
[Source "ChessBase"]
[SourceDate "1999.11.16"]

1. e4 e5 2. Nf3 Nf6 3. Nxe5 d6 4. Nf3 Nxe4 5. Qe2 Qe7 6. d3 Nf6 7. Bg5 Qxe2+ 8.
Bxe2 Be7 9. O-O O-O 10. Nbd2 Nc6 1/2-1/2

[Event "63rd DEN-ch"]
[Site "Aalborg DEN"]
[Date "1984.??.??"]
[Round "1"]
[White "Hvenekilde, Joergen"]
[Black "Pedersen, Erik"]
[WhiteElo "2290"]
[BlackElo "2380"]
[Result "1/2-1/2"]
[EventDate "1984.01.01"]
[PlyCount "109"]
[EventCategory "5"]
[Source "ChessBase"]
[SourceDate "1999.11.16"]

1. d4 Nf6 2. c4 e6 3. Nc3 c5 4. d5 exd5 5. cxd5 d6 6. e4 g6 7. Bd3 Bg7 8. Nge2
O-O 9. O-O Na6 10. Ng3 Nc7 11. h3 Rb8 12. a4 b6 13. Be3 a6 14. Qd2 Re8 15. Bh6
Bh8 16. Rfe1 b5 17. axb5 Nxb5 18. Nxb5 axb5 19. Rad1 Nd7 20. Bg5 Qc7 21. b3 c4
22. bxc4 bxc4 23. Bc2 Rb2 24. Rb1 c3 25. Qd1 Ba6 26. Ra1 Nc5 27. Bc1 Rb4 28.
Be3 Bb5 29. Ra3 Rc8 30. Qg4 Bd7 31. Qd1 Ba4 32. Bxa4 Nxa4 33. Rxa4 c2 34. Rxb4
cxd1=Q 35. Rxd1 Be5 36. Rc1 Qd7 37. Rxc8+ Qxc8 38. Rb6 Bxg3 39. fxg3 Qc3 40.
Kf2 Qc2+ 41. Kf3 f5 42. Rb8+ Kf7 43. Rb4 fxe4+ 44. Rxe4 Qd1+ 45. Kf2 Qc2+ 46.
Kf3 Qd1+ 47. Kf2 Qxd5 48. Rd4 Qa2+ 49. Rd2 Qe6 50. g4 d5 51. g5 Qf5+ 52. Ke2
Ke6 53. Rd4 Qc2+ 54. Kf3 Ke5 55. Rg4 1/2-1/2

[Event "63rd DEN-ch"]
[Site "Aalborg DEN"]
[Date "1984.??.??"]
[Round "1"]
[White "Jakobsen, Ole"]
[Black "Oest-Hansen, Jacob"]
[WhiteElo "2420"]
[BlackElo "2430"]
[Result "1/2-1/2"]
[EventDate "1984.01.01"]
[PlyCount "83"]
[EventCategory "5"]
[Source "ChessBase"]
[SourceDate "1999.11.16"]

1. d4 Nf6 2. Nf3 g6 3. c4 Bg7 4. Nc3 O-O 5. e4 d6 6. Be2 e5 7. Be3 Qe7 8. dxe5
dxe5 9. Nd5 Nxd5 10. cxd5 c6 11. Bc4 cxd5 12. Bxd5 Be6 13. O-O Na6 14. Bxe6
Qxe6 15. Qa4 Nb8 16. Rfd1 Nc6 17. Rd5 Rfd8 18. Qb3 Rd7 19. Rad1 Rad8 20. Bg5
Ne7 21. Rxd7 Rxd7 22. Rxd7 Qxd7 23. Bxe7 Qxe7 24. Qd5 Qc7 25. g3 Bf6 26. Kg2 h5
27. h4 Kf8 28. a4 Ke8 29. b3 a6 30. Ne1 Be7 31. Nd3 Bd6 32. Nb2 Qc6 33. Qxc6+
bxc6 34. Nc4 Kd7 35. Kf3 Ke6 36. g4 hxg4+ 37. Kxg4 Be7 38. f3 Bd8 39. Kg3 Be7
40. Kg4 Bd8 41. Kg3 Be7 42. Kh3 1/2-1/2

[Event "63rd DEN-ch"]
[Site "Aalborg DEN"]
[Date "1984.??.??"]
[Round "1"]
[White "Kristiansen, Jens"]
[Black "Kroll, Ove"]
[WhiteElo "2450"]
[BlackElo "2300"]
[Result "1/2-1/2"]
[EventDate "1984.01.01"]
[PlyCount "92"]
[EventCategory "5"]
[Source "ChessBase"]
[SourceDate "1999.11.16"]

1. e4 e6 2. d4 d5 3. Nc3 Bb4 4. e5 c5 5. a3 Bxc3+ 6. bxc3 Ne7 7. Nf3 b6 8. a4
Ba6 9. Bxa6 Nxa6 10. Qd3 Nb8 11. O-O Nd7 12. a5 bxa5 13. Ba3 Rc8 14. Rfb1 O-O
15. Rb7 Rc7 16. Rxc7 Qxc7 17. Ng5 Nf5 18. g4 h6 19. gxf5 hxg5 20. Kh1 Rc8 21.
fxe6 fxe6 22. Qh3 Nf8 23. Bxc5 Qf7 24. Rg1 Ng6 25. Rxg5 Rb8 26. Rg1 Nh4 27. Qg4
Rb2 28. c4 dxc4 29. d5 Nf5 30. dxe6 Qxe6 31. Qe4 Rb5 32. Ba3 Rxe5 33. Qa8+ Kh7
34. Bb2 Re1 35. Rxe1 Qxe1+ 36. Kg2 Qe2 37. Qxa7 Qxc2 38. Qxa5 Qe4+ 39. Kf1 Qb1+
40. Kg2 Qe4+ 41. Kf1 Qd3+ 42. Kg1 Qd1+ 43. Kg2 Qg4+ 44. Kf1 Nh4 45. Qd5 Ng6 46.
f3 Qg2+ 1/2-1/2

[Event "63rd DEN-ch"]
[Site "Aalborg DEN"]
[Date "1984.??.??"]
[Round "1"]
[White "Rasmussen, Karsten"]
[Black "Hoei, Carsten"]
[BlackElo "2400"]
[Result "1-0"]
[EventDate "1984.01.01"]
[PlyCount "81"]
[EventCategory "5"]
[Source "ChessBase"]
[SourceDate "1999.11.16"]
[WhiteElo "2275"]

1. c4 Nf6 2. g3 e6 3. b3 d5 4. Nf3 Be7 5. Bg2 O-O 6. O-O Nbd7 7. Bb2 c6 8. d3
a5 9. a3 a4 10. b4 c5 11. bxc5 Nxc5 12. Nbd2 Bd7 13. Ne5 Be8 14. Rb1 Rc8 15.
cxd5 Nxd5 16. e4 Nf6 17. d4 Ncd7 18. f4 Nxe5 19. fxe5 Nd7 20. Kh1 Nb6 21. Qe2
Bc6 22. Bc3 Na8 23. Bb4 Nc7 24. Bxe7 Qxe7 25. Qe3 Rfd8 26. Rfd1 Nb5 27. Nc4 Be8
28. Bf1 Rxc4 29. Bxc4 Nxa3 30. Rbc1 Nxc4 31. Rxc4 Bc6 32. Rc3 Qb4 33. Rcd3 Qc4
34. Qf3 Bb5 35. d5 Qc7 36. d6 Qc6 37. Rc3 Be2 38. Qe3 Qb5 39. Re1 Bh5 40. Qg5
Qa5 41. Rec1 1-0

[Event "63rd DEN-ch"]
[Site "Aalborg DEN"]
[Date "1984.??.??"]
[Round "2"]
[White "Fries-Nielsen, Jens Ove"]
[Black "Hvenekilde, Joergen"]
[WhiteElo "2420"]
[BlackElo "2290"]
[Result "0-1"]
[EventDate "1984.01.01"]
[PlyCount "60"]
[EventCategory "5"]
[Source "ChessBase"]
[SourceDate "1999.11.16"]

1. d4 Nf6 2. Nf3 g6 3. g3 Bg7 4. Bg2 O-O 5. O-O d6 6. Nc3 c6 7. e4 b5 8. e5
dxe5 9. Nxe5 b4 10. Ne2 Bb7 11. a3 a5 12. Re1 Nd5 13. Nf4 Na6 14. axb4 axb4 15.
h4 Nac7 16. Rxa8 Qxa8 17. Nfd3 Rd8 18. h5 Bc8 19. hxg6 hxg6 20. Qf3 Bf6 21. Bd2
Bf5 22. g4 Bxd3 23. Qxd3 Bxe5 24. Rxe5 Qa1+ 25. Re1 Qxb2 26. Bg5 Qc3 27. Qe4
Ne6 28. Bc1 Qxd4 29. Qf3 Qc3 30. Qe4 Nf6 0-1

[Event "63rd DEN-ch"]
[Site "Aalborg DEN"]
[Date "1984.??.??"]
[Round "2"]
[White "Hansen, Curt"]
[Black "Kristiansen, Jens"]
[WhiteElo "2485"]
[BlackElo "2450"]
[Result "1/2-1/2"]
[EventDate "1984.01.01"]
[PlyCount "57"]
[EventCategory "5"]
[Source "ChessBase"]
[SourceDate "1999.11.16"]

1. g3 g6 2. Bg2 Bg7 3. c4 d6 4. d4 f5 5. Nc3 Nf6 6. d5 O-O 7. Nh3 Nbd7 8. O-O
Ne5 9. Qb3 Nfd7 10. Na4 Nb6 11. Nxb6 axb6 12. Ng5 Kh8 13. Bd2 Bd7 14. f4 Ng4
15. Bc3 Nf6 16. Rae1 h6 17. Ne6 Bxe6 18. dxe6 Qc8 19. e4 Nxe4 20. Bxe4 fxe4 21.
Rxe4 Bxc3 22. Qxc3+ Kh7 23. a3 Rf6 24. Qd3 Qg8 25. b4 Raf8 26. Rfe1 Rf5 27. Rf1
R5f6 28. Rfe1 Rf5 29. Rf1 1/2-1/2

[Event "63rd DEN-ch"]
[Site "Aalborg DEN"]
[Date "1984.??.??"]
[Round "2"]
[White "Hoei, Carsten"]
[Black "Oest-Hansen, Jacob"]
[WhiteElo "2400"]
[BlackElo "2430"]
[Result "1-0"]
[EventDate "1984.01.01"]
[PlyCount "65"]
[EventCategory "5"]
[Source "ChessBase"]
[SourceDate "1999.11.16"]

1. d4 Nf6 2. c4 c5 3. d5 e5 4. Nc3 d6 5. e4 Be7 6. Bd3 O-O 7. Nge2 Nh5 8. h4 a6
9. Be3 g6 10. Qd2 b5 11. cxb5 Bxh4 12. O-O-O axb5 13. Bxb5 f5 14. exf5 Bxf5 15.
Bd3 Bxd3 16. Qxd3 Bxf2 17. Bxf2 Rxf2 18. Rxh5 Rxe2 19. Qxe2 gxh5 20. Qxh5 Nd7
21. Rf1 Qe7 22. Ne4 Rf8 23. Rxf8+ Nxf8 24. a4 Ng6 25. Qg4 Kg7 26. g3 Qf7 27.
Nxd6 Qxd5 28. Qd7+ Kg8 29. a5 Qh1+ 30. Kc2 Qg2+ 31. Kb1 Qxg3 32. Qf7+ Kh8 33.
Qe8+ 1-0

[Event "63rd DEN-ch"]
[Site "Aalborg DEN"]
[Date "1984.??.??"]
[Round "2"]
[White "Kroll, Ove"]
[Black "Jakobsen, Ole"]
[WhiteElo "2300"]
[BlackElo "2420"]
[Result "0-1"]
[EventDate "1984.01.01"]
[PlyCount "120"]
[EventCategory "5"]
[Source "ChessBase"]
[SourceDate "1999.11.16"]

1. c4 e5 2. Nc3 Nf6 3. g3 d5 4. cxd5 Nxd5 5. Bg2 Nb6 6. d3 Be7 7. Be3 O-O 8.
Rc1 Kh8 9. Nf3 Nc6 10. O-O f5 11. Na4 Bf6 12. Nc5 Nd5 13. Bd2 b6 14. Ne6 Bxe6
15. Rxc6 Qe8 16. Rc2 c5 17. e4 fxe4 18. dxe4 Nb4 19. Bxb4 cxb4 20. Qd6 Bxa2 21.
Qxb4 Be6 22. Rfc1 Bg4 23. Nd2 Be7 24. Qc3 Bc5 25. Nc4 Bd4 26. Qe1 Rd8 27. Ne3
Be6 28. Qe2 a5 29. h4 Rf7 30. Rc7 Qf8 31. Rxf7 Qxf7 32. Nf5 Bxf5 33. exf5 Qxf5
34. Be4 Qf7 35. Kg2 Rf8 36. Rc2 g6 37. Qb5 Qe6 38. Qc6 Qxc6 39. Bxc6 Rc8 40. b3
b5 41. Be4 Rf8 42. Bc6 Rb8 43. Ra2 a4 44. bxa4 b4 45. Rd2 b3 46. Rd1 b2 47. Rb1
Rc8 48. Be4 Rc4 49. a5 Ra4 50. Kf3 Rxa5 51. Ke2 Rc5 52. Rd1 Rc1 53. f3 Kg7 54.
g4 Kf6 55. Bb1 h6 56. Be4 g5 57. h5 Ke7 58. Bf5 Kd6 59. f4 gxf4 60. Be4 f3+ 0-1

[Event "63rd DEN-ch"]
[Site "Aalborg DEN"]
[Date "1984.??.??"]
[Round "2"]
[White "Pedersen, Erik"]
[Black "Brinck-Claussen, Bjoern"]
[WhiteElo "2380"]
[BlackElo "2370"]
[Result "1/2-1/2"]
[EventDate "1984.01.01"]
[PlyCount "30"]
[EventCategory "5"]
[Source "ChessBase"]
[SourceDate "1999.11.16"]

1. d4 Nf6 2. Nf3 d5 3. e3 g6 4. c4 Bg7 5. Qb3 O-O 6. Nc3 e6 7. Be2 b6 8. cxd5
exd5 9. O-O Bb7 10. Qc2 Qe7 11. b3 a5 12. Bb2 Na6 13. a3 Nd7 14. Bd3 f5 15.
Rfe1 c6 1/2-1/2

[Event "63rd DEN-ch"]
[Site "Aalborg DEN"]
[Date "1984.??.??"]
[Round "2"]
[White "Rasmussen, Karsten"]
[Black "Fries-Nielsen, Niels Joergen"]
[BlackElo "2345"]
[Result "1/2-1/2"]
[EventDate "1984.01.01"]
[PlyCount "79"]
[EventCategory "5"]
[Source "ChessBase"]
[SourceDate "1999.11.16"]
[WhiteElo "2275"]

1. e4 c5 2. c3 e5 3. Nf3 Nc6 4. d4 cxd4 5. cxd4 exd4 6. Bc4 Bb4+ 7. Bd2 Qe7 8.
O-O Bxd2 9. Nbxd2 d6 10. Bd5 Nf6 11. Nxd4 Nxd4 12. Qa4+ Nc6 13. Bxc6+ Bd7 14.
Bxd7+ Qxd7 15. Qd4 O-O 16. Rfe1 Rfe8 17. a4 Qe6 18. Rad1 b6 19. Nb1 h6 20. Nc3
Red8 21. Nb5 Rd7 22. Qb4 Rad8 23. Nd4 Qe8 24. f3 Kh7 25. Rd3 Kg8 26. Nf5 Qe5
27. Qd4 Qxd4+ 28. Rxd4 Ne8 29. Red1 f6 30. Ne3 Kf7 31. Rc1 Rc7 32. Rxc7+ Nxc7
33. Rc4 Rd7 34. Kf1 Ke8 35. Rd4 Kf7 36. Ke2 Ke6 37. Nd5 Nxd5 38. Rxd5 Rc7 39.
Kd2 g6 40. g4 1/2-1/2

[Event "63rd DEN-ch"]
[Site "Aalborg DEN"]
[Date "1984.??.??"]
[Round "3"]
[White "Brinck-Claussen, Bjoern"]
[Black "Fries-Nielsen, Jens Ove"]
[WhiteElo "2370"]
[BlackElo "2420"]
[Result "1-0"]
[EventDate "1984.01.01"]
[PlyCount "77"]
[EventCategory "5"]
[Source "ChessBase"]
[SourceDate "1999.11.16"]

1. d4 Nf6 2. c4 e6 3. Nc3 d5 4. Bg5 Be7 5. e3 O-O 6. cxd5 exd5 7. Bd3 c6 8. Qc2
Nbd7 9. h3 Re8 10. Nf3 Nf8 11. Bxf6 Bxf6 12. O-O-O Be6 13. Kb1 Rc8 14. g4 c5
15. dxc5 Rxc5 16. Nd4 a6 17. f4 h6 18. Qf2 Bd7 19. Qf3 Qb6 20. Rc1 Bc6 21. Rhd1
Ne6 22. Qf2 Rc8 23. g5 hxg5 24. fxg5 Nxg5 25. Bf5 Re8 26. Rg1 Qd8 27. Rcf1 Rxc3
28. bxc3 Qb6+ 29. Ka1 Qc5 30. Rc1 Kf8 31. h4 Ne4 32. Bxe4 dxe4 33. Rgf1 Bb5 34.
Rg1 Bc4 35. Rg4 Re5 36. Rf4 Qa3 37. Qb2 Qe7 38. Qb4 a5 39. Qxc4 1-0

[Event "63rd DEN-ch"]
[Site "Aalborg DEN"]
[Date "1984.??.??"]
[Round "3"]
[White "Fries-Nielsen, Niels Joergen"]
[Black "Hoei, Carsten"]
[WhiteElo "2345"]
[BlackElo "2400"]
[Result "1-0"]
[EventDate "1984.01.01"]
[PlyCount "73"]
[EventCategory "5"]
[Source "ChessBase"]
[SourceDate "1999.11.16"]

1. c4 b6 2. Nc3 Bb7 3. e4 g6 4. d4 Bg7 5. Be3 d6 6. d5 c5 7. Be2 Nf6 8. Qc2 O-O
9. h3 e6 10. Nf3 exd5 11. exd5 Re8 12. O-O a6 13. Rad1 Nbd7 14. Rfe1 Rxe3 15.
fxe3 Qe7 16. Bf1 Re8 17. Qf2 Bc8 18. Bd3 h5 19. Bc2 Bh6 20. e4 Rf8 21. Qg3 Re8
22. Ba4 Bg7 23. e5 dxe5 24. d6 Qf8 25. Nxe5 Rxe5 26. Rxe5 h4 27. Qe1 Nxe5 28.
Qxe5 Nh5 29. Qe8 Bd4+ 30. Rxd4 cxd4 31. Nd5 Qxe8 32. Bxe8 d3 33. d7 d2 34. Ne3
Bxd7 35. Bxd7 Ng3 36. Kf2 Kf8 37. Nd1 1-0

[Event "63rd DEN-ch"]
[Site "Aalborg DEN"]
[Date "1984.??.??"]
[Round "3"]
[White "Oest-Hansen, Jacob"]
[Black "Kroll, Ove"]
[WhiteElo "2430"]
[BlackElo "2300"]
[Result "1/2-1/2"]
[EventDate "1984.01.01"]
[PlyCount "106"]
[EventCategory "5"]
[Source "ChessBase"]
[SourceDate "1999.11.16"]

1. g3 e6 2. Bg2 Be7 3. d3 Nf6 4. e4 d5 5. Nd2 c5 6. Ngf3 Nc6 7. O-O Rb8 8. Re1
b5 9. e5 Nd7 10. h4 a5 11. Nf1 Ba6 12. Bf4 Nb6 13. h5 g5 14. hxg6 hxg6 15. N1h2
Kd7 16. c3 Kc8 17. Ng4 c4 18. d4 b4 19. Qc1 bxc3 20. bxc3 Na4 21. Qc2 Nb2 22.
Reb1 Nd3 23. Bh6 Rg8 24. Be3 Kc7 25. Rxb8 Qxb8 26. Rb1 Qf8 27. Qa4 g5 28. Nf6
g4 29. Nxg8 Qxg8 30. Nh2 Qg6 31. Qd1 Ba3 32. Nxg4 Nb2 33. Qc1 Qxg4 34. Rxb2 Bb5
35. Qb1 Bxb2 36. Qxb2 Qd1+ 37. Bf1 Ba4 38. Kg2 Bc2 39. f3 Bd3 40. Bxd3 cxd3 41.
Bc1 a4 42. Qd2 Qxd2+ 43. Bxd2 Kb6 44. g4 Kb5 45. f4 Na5 46. Kf2 Nc4 47. Ke1 Kc6
48. Kd1 Kd7 49. Ke1 Ke7 50. Kd1 f6 51. Bc1 Kf7 52. Ke1 f5 53. g5 Kg6 1/2-1/2

[Event "63rd DEN-ch"]
[Site "Aalborg DEN"]
[Date "1984.??.??"]
[Round "3"]
[White "Hvenekilde, Joergen"]
[Black "Rasmussen, Karsten"]
[WhiteElo "2290"]
[Result "1-0"]
[EventDate "1984.01.01"]
[PlyCount "49"]
[EventCategory "5"]
[Source "ChessBase"]
[SourceDate "1999.11.16"]
[BlackElo "2275"]

1. Nf3 Nf6 2. g3 d5 3. Bg2 c6 4. O-O Bg4 5. Ne5 Bf5 6. c4 Nbd7 7. f4 e6 8. cxd5
cxd5 9. d3 Bc5+ 10. e3 Nxe5 11. fxe5 Nd7 12. d4 Bb6 13. Nc3 Bg6 14. b3 a6 15.
Ba3 Rc8 16. Ne2 Ba7 17. Nf4 Qa5 18. Rc1 Rd8 19. Bd6 Bb8 20. Nxe6 fxe6 21. Qg4
Bxd6 22. exd6 Nf8 23. Rxf8+ Kxf8 24. Qxe6 Bd3 25. Bxd5 1-0

[Event "63rd DEN-ch"]
[Site "Aalborg DEN"]
[Date "1984.??.??"]
[Round "3"]
[White "Jakobsen, Ole"]
[Black "Hansen, Curt"]
[WhiteElo "2420"]
[BlackElo "2485"]
[Result "0-1"]
[EventDate "1984.01.01"]
[PlyCount "148"]
[EventCategory "5"]
[Source "ChessBase"]
[SourceDate "1999.11.16"]

1. d4 Nf6 2. Nf3 e6 3. g3 b5 4. Bg2 Bb7 5. O-O Be7 6. c3 O-O 7. Bg5 d6 8. a4
bxa4 9. Rxa4 Nbd7 10. Nbd2 c5 11. Qa1 Qc7 12. Ne1 Bxg2 13. Nxg2 Nb6 14. Ra6
cxd4 15. cxd4 Rfc8 16. Ne1 Nfd5 17. Bxe7 Qxe7 18. Nd3 Rc2 19. Rd1 Qb7 20. Ra2
h6 21. Ne1 Rc7 22. Nd3 Nc4 23. Nf1 a5 24. Nd2 Qb5 25. Ra4 Ndb6 26. Ra2 Nd5 27.
Ra4 Rc6 28. Nxc4 Rxc4 29. Rxc4 Qxc4 30. e3 Qc2 31. Qc1 Rc8 32. Qa1 Qe2 33. Nf4
Nxf4 34. exf4 Rc2 35. Rf1 Qb5 36. b3 d5 37. Re1 Qxb3 38. Qxa5 Qb2 39. Qa1 Rxf2
40. Qxb2 Rxb2 41. f5 exf5 42. Re5 g6 43. Rxd5 Rd2 44. h4 h5 45. Kf1 Kf8 46. Kg1
Ke7 47. Kf1 Ke6 48. Rd8 f4 49. gxf4 Rh2 50. d5+ Ke7 51. Ra8 Rxh4 52. Ra7+ Kf6
53. Ra6+ Kf5 54. Ra4 Rh1+ 55. Ke2 Rb1 56. Rd4 Kf6 57. Re4 Kf5 58. Rd4 Rb7 59.
Ke3 Re7+ 60. Kf3 Rd7 61. Rd1 Rd6 62. Ke3 Rd8 63. Kd4 Kxf4 64. Rf1+ Kg3 65. Rxf7
g5 66. Rf5 Kg4 67. Rf1 h4 68. Rg1+ Kh5 69. Ke5 h3 70. d6 g4 71. Rd1 h2 72. Kf4
Kh4 73. d7 g3 74. Rd6 Kh3 0-1

[Event "63rd DEN-ch"]
[Site "Aalborg DEN"]
[Date "1984.??.??"]
[Round "3"]
[White "Kristiansen, Jens"]
[Black "Pedersen, Erik"]
[WhiteElo "2450"]
[BlackElo "2380"]
[Result "1/2-1/2"]
[EventDate "1984.01.01"]
[PlyCount "44"]
[EventCategory "5"]
[Source "ChessBase"]
[SourceDate "1999.11.16"]

1. e4 c6 2. d3 d5 3. Nd2 Nd7 4. Ngf3 Qc7 5. exd5 cxd5 6. d4 g6 7. Bd3 Bg7 8.
O-O Nh6 9. Re1 e6 10. Nf1 O-O 11. c3 Nf6 12. Ne5 Nf5 13. g4 Nd6 14. Bf4 Nfe8
15. h3 f6 16. Nf3 Qf7 17. N1d2 Bd7 18. Qe2 Rd8 19. Bg3 Bc8 20. Kg2 Nc7 21. Rh1
Qd7 22. Rae1 Nf7 1/2-1/2

[Event "63rd DEN-ch"]
[Site "Aalborg DEN"]
[Date "1984.??.??"]
[Round "4"]
[White "Fries-Nielsen, Jens Ove"]
[Black "Kristiansen, Jens"]
[WhiteElo "2420"]
[BlackElo "2450"]
[Result "1/2-1/2"]
[EventDate "1984.01.01"]
[PlyCount "75"]
[EventCategory "5"]
[Source "ChessBase"]
[SourceDate "1999.11.16"]

1. Nf3 Nf6 2. d4 d6 3. Nc3 Bf5 4. g3 h6 5. Bg2 d5 6. O-O e6 7. Ne5 Nbd7 8. Bf4
c6 9. Nd3 Be7 10. h3 O-O 11. g4 Bh7 12. e3 c5 13. dxc5 Nxc5 14. Nxc5 Bxc5 15.
Be5 Bd6 16. Bxd6 Qxd6 17. Qd2 Qb4 18. Rab1 Rac8 19. a3 Qc5 20. Rfd1 b5 21. Rbc1
b4 22. axb4 Qxb4 23. Rb1 a5 24. Bf1 Rfd8 25. Bd3 e5 26. Bxh7+ Kxh7 27. Qd3+ g6
28. Qa6 Kg7 29. Nxd5 Nxd5 30. Rxd5 Rxd5 31. Qxc8 Rc5 32. Qe8 Qd2 33. Ra1 Rxc2
34. Qxe5+ Kg8 35. Qe8+ Kg7 36. Qe5+ Kg8 37. Qe8+ Kg7 38. Qe5+ 1/2-1/2

[Event "63rd DEN-ch"]
[Site "Aalborg DEN"]
[Date "1984.??.??"]
[Round "4"]
[White "Fries-Nielsen, Niels Joergen"]
[Black "Hvenekilde, Joergen"]
[WhiteElo "2345"]
[BlackElo "2290"]
[Result "1-0"]
[EventDate "1984.01.01"]
[PlyCount "85"]
[EventCategory "5"]
[Source "ChessBase"]
[SourceDate "1999.11.16"]

1. Nf3 Nf6 2. c4 g6 3. b4 Bg7 4. Bb2 O-O 5. Nc3 d5 6. e3 c6 7. Qb3 a5 8. b5 Bg4
9. Ne5 d4 10. Na4 cxb5 11. cxb5 dxe3 12. dxe3 Ne4 13. Qd3 Bf5 14. g4 Bxe5 15.
Bxe5 Ng5 16. Qxd8 Rxd8 17. gxf5 Nf3+ 18. Ke2 Nxe5 19. fxg6 hxg6 20. Nb6 Ra7 21.
Bg2 a4 22. Rhd1 Ned7 23. Rd4 Kf8 24. Rad1 Ke8 25. Rxa4 Rxa4 26. Nxa4 Rc8 27.
Bxb7 Rc4 28. Rd4 Rc2+ 29. Rd2 Rc1 30. Be4 f5 31. Rc2 Rxc2+ 32. Bxc2 e6 33. Nc3
Nc5 34. a4 Nb7 35. Kd3 Na5 36. Ne2 Kd7 37. Kc3 Kd6 38. Kb4 Nb7 39. h4 e5 40. a5
Nc5 41. Ng3 Nbd7 42. h5 f4 43. exf4 1-0

[Event "63rd DEN-ch"]
[Site "Aalborg DEN"]
[Date "1984.??.??"]
[Round "4"]
[White "Hansen, Curt"]
[Black "Oest-Hansen, Jacob"]
[WhiteElo "2485"]
[BlackElo "2430"]
[Result "0-1"]
[EventDate "1984.01.01"]
[PlyCount "76"]
[EventCategory "5"]
[Source "ChessBase"]
[SourceDate "1999.11.16"]

1. e4 c5 2. Nf3 e6 3. Nc3 a6 4. d4 cxd4 5. Nxd4 Nc6 6. Be2 Nge7 7. Be3 b5 8.
Nb3 Na5 9. O-O Nec6 10. Nxa5 Nxa5 11. Qd4 Bb7 12. Rad1 Rc8 13. Bg5 Nc6 14. Qd2
Be7 15. Bxe7 Qxe7 16. a3 Ne5 17. Qd4 Qc5 18. f4 Qxd4+ 19. Rxd4 Nc6 20. Rd2 Ke7
21. a4 b4 22. Na2 d6 23. b3 Rhd8 24. Rfd1 h6 25. Kf2 a5 26. Nc1 e5 27. g3 Nd4
28. Rxd4 exd4 29. Bd3 Kf8 30. g4 Re8 31. Re1 g6 32. h4 f6 33. f5 gxf5 34. exf5
Rxe1 35. Kxe1 Re8+ 36. Ne2 Bf3 37. Kf2 Bxe2 38. Bxe2 Re3 0-1

[Event "63rd DEN-ch"]
[Site "Aalborg DEN"]
[Date "1984.??.??"]
[Round "4"]
[White "Hoei, Carsten"]
[Black "Kroll, Ove"]
[WhiteElo "2400"]
[BlackElo "2300"]
[Result "0-1"]
[EventDate "1984.01.01"]
[PlyCount "80"]
[EventCategory "5"]
[Source "ChessBase"]
[SourceDate "1999.11.16"]

1. d4 Nc6 2. c4 e5 3. d5 Nce7 4. Nc3 Ng6 5. Nf3 Bb4 6. Bd2 Nf6 7. Qc2 a5 8. h4
Ng4 9. h5 Nf8 10. a3 Bxc3 11. Bxc3 d6 12. c5 Nd7 13. cxd6 cxd6 14. e3 O-O 15.
Bd3 Ndf6 16. Rd1 Bd7 17. Nh4 Re8 18. Bf5 b5 19. Bxd7 Qxd7 20. Nf5 Rac8 21. Qb1
e4 22. Ng3 Rc4 23. Bxa5 Qa7 24. Bd2 Re5 25. h6 Nxd5 26. hxg7 Qe7 27. b3 Nc3 28.
Bxc3 Rxc3 29. Rc1 Qf6 30. Rf1 Rec5 31. Rxc3 Qxc3+ 32. Ke2 d5 33. Rd1 Qf6 34.
Rf1 Qc6 35. Nf5 Qc7 36. Nd4 Ne5 37. b4 Rc3 38. f4 Qc4+ 39. Kf2 Ng4+ 40. Kg1
Nxe3 0-1

[Event "63rd DEN-ch"]
[Site "Aalborg DEN"]
[Date "1984.??.??"]
[Round "4"]
[White "Pedersen, Erik"]
[Black "Jakobsen, Ole"]
[WhiteElo "2380"]
[BlackElo "2420"]
[Result "1/2-1/2"]
[EventDate "1984.01.01"]
[PlyCount "36"]
[EventCategory "5"]
[Source "ChessBase"]
[SourceDate "1999.11.16"]

1. d4 Nf6 2. Nf3 e6 3. e3 d6 4. c4 Nbd7 5. Nc3 c5 6. Be2 Be7 7. O-O O-O 8. d5
e5 9. a3 Ne8 10. e4 g6 11. Ne1 Bg5 12. Nd3 Bxc1 13. Qxc1 Qe7 14. f4 f5 15. exf5
e4 16. Nf2 gxf5 17. Ncd1 Ndf6 18. Ne3 Ng7 1/2-1/2

[Event "63rd DEN-ch"]
[Site "Aalborg DEN"]
[Date "1984.??.??"]
[Round "4"]
[White "Rasmussen, Karsten"]
[Black "Brinck-Claussen, Bjoern"]
[BlackElo "2370"]
[Result "1/2-1/2"]
[EventDate "1984.01.01"]
[PlyCount "75"]
[EventCategory "5"]
[Source "ChessBase"]
[SourceDate "1999.11.16"]
[WhiteElo "2275"]

1. e4 c5 2. Nf3 e6 3. d4 cxd4 4. Nxd4 Nc6 5. Nb5 d6 6. c4 Nf6 7. N1c3 a6 8. Na3
Be7 9. Be2 O-O 10. O-O b6 11. Be3 Bb7 12. Rc1 Qc7 13. Nd5 exd5 14. cxd5 b5 15.
dxc6 Bxc6 16. f3 Qd7 17. Nc2 Bb7 18. Nd4 g6 19. Qd2 Rac8 20. Bh6 Rxc1 21. Rxc1
Rd8 22. Rd1 Ne8 23. Nc2 Bf6 24. Ne3 Qe6 25. b3 Rc8 26. Nd5 Bxd5 27. Qxd5 Rc2
28. Qxe6 fxe6 29. Rd2 Rc3 30. Kf2 Kf7 31. Be3 Ke7 32. Rd3 Rxd3 33. Bxd3 Kd7 34.
f4 Nc7 35. g4 e5 36. f5 g5 37. Bb6 Kc6 38. Bxc7 1/2-1/2

[Event "63rd DEN-ch"]
[Site "Aalborg DEN"]
[Date "1984.??.??"]
[Round "5"]
[White "Brinck-Claussen, Bjoern"]
[Black "Fries-Nielsen, Niels Joergen"]
[WhiteElo "2370"]
[BlackElo "2345"]
[Result "1-0"]
[EventDate "1984.01.01"]
[PlyCount "84"]
[EventCategory "5"]
[Source "ChessBase"]
[SourceDate "1999.11.16"]

1. d4 Nf6 2. c4 g6 3. Nc3 Bg7 4. e4 d6 5. Be2 O-O 6. Nf3 c5 7. d5 b5 8. cxb5 a6
9. bxa6 Bxa6 10. O-O Nbd7 11. h3 Qb6 12. Re1 Ne8 13. Qc2 Nc7 14. Rb1 Rfb8 15.
b3 Bxe2 16. Rxe2 Qa6 17. Bb2 Rb7 18. Na4 Bxb2 19. Rxb2 Rab8 20. Qc1 Rb4 21.
Rbc2 f6 22. Nb2 Ne5 23. Nxe5 fxe5 24. Nc4 Nb5 25. Qg5 Qa7 26. Re3 Nd4 27. Rd2
Rf8 28. h4 Qd7 29. h5 Rf6 30. Rg3 Kg7 31. hxg6 Rxg6 32. Qh4 Rxg3 33. Qxg3+ Kh8
34. f4 exf4 35. Qxf4 Rb8 36. e5 Qf5 37. Qxf5 Nxf5 38. Rf2 Nd4 39. exd6 exd6 40.
Nxd6 Ra8 41. Nb7 Rb8 42. Nxc5 Rb5 1-0

[Event "63rd DEN-ch"]
[Site "Aalborg DEN"]
[Date "1984.??.??"]
[Round "5"]
[White "Oest-Hansen, Jacob"]
[Black "Pedersen, Erik"]
[WhiteElo "2430"]
[BlackElo "2380"]
[Result "1-0"]
[EventDate "1984.01.01"]
[PlyCount "71"]
[EventCategory "5"]
[Source "ChessBase"]
[SourceDate "1999.11.16"]

1. g3 Nf6 2. Bg2 d5 3. Nf3 Bf5 4. c4 e6 5. O-O c6 6. b3 Bd6 7. Bb2 O-O 8. d3 h6
9. Nbd2 Nbd7 10. a3 a5 11. cxd5 exd5 12. e4 Bg4 13. Qc2 Re8 14. Rfe1 Qc7 15.
Qc3 dxe4 16. dxe4 Bf8 17. Nd4 Rad8 18. Nc4 Nc5 19. f3 Bc8 20. Rad1 b6 21. Ne3
b5 22. Kh1 b4 23. axb4 axb4 24. Qc2 Ba6 25. Nc4 Nfd7 26. f4 Nb6 27. Ne5 Bb7 28.
Bf3 Ra8 29. Nf5 Ne6 30. Ng4 Be7 31. Be5 Qc8 32. Bd6 Bf8 33. Nfxh6+ gxh6 34.
Nf6+ Kh8 35. e5 Bxd6 36. Qh7# 1-0